000
00331 a2200145 4500
001
155647
040
_c
Escola São Tomás de Aquino
100
_a
ARANHA, Maria Lúcia de Arruda
240
1
0
_a
Filosofando
_l
por
245
1
0
_a
Filosofando
300
_a
439
440
1
_a
Moderna
697
_a
FILOSOFIA E PSICOLOGIA
942
_c
BK
999
_c
155647
_d
155647